1081 1320 1534 1960 1354 1909 1721 1999 1359 1230 1028 1064 1181 1126 1083 1971 1168 1587 1912 1632 1314 1939 1013 1140 1710 1527 1444 1202 1229 1464 1700 1477 1725 1571 1611 1902 1744 1961 1778 1130 1471 1226 1248 1541 1757 1790 1440 1324 1331 1801 1097 1867 1543 1599 1927 1807 1387 1314 1461 1113 1861 1673 1170 1464 1893 1443 1968 1832 1135 1830 1160 1460 1670 1182 1630 1347 1198 1790 1018 1871 1519 1902 1622 1996 1164 1819 1462 1873 1054 1262 1350 1173 1631 1918 1217 1560 1101 1222 1195 BCNSPRNW ULIB Ver.6.0+V

เปลี่ยนเป็นภาษาไทย

Change to English
 แสดงรายละเอียดบรรณานุกรม
  กลับหน้าหลัก

Brief Record : Get Marc (ISO 2709) : E-mail record : QR code < ปิดหน้าต่าง
LEADER : 00000nam 2200000uu 4500
001    13399127136
003     ULIB
008    020711s2020 th a 000 0 eng d
020    ^a9780323568906
060    ^aWS200^bK63N^cVol.1
100    ^aKliegman, Robert M. and Geme, Joseph St.
245    ^aNelson Textbook of Pediatrics Vol.1
250    ^a21st ed
260    ^aPhiladelphia :^bElsevier,^c2020
300    ^a2040 pages;^b30 cm
650    ^aPediatrics
945    ^p3230^l0^i006326
999    ^aประนอม เกษจรัล
รายการนี้ยังไม่มีแท็ก
คุณยังไม่ได้ล็อกอิน คุณสามารถมีกิจกรรมร่วมกับเว็บไซต์ได้ แต่ต้องล็อกอินก่อน ::
  ล็อกอิน

รายการสื่อสารสนเทศ

ลำดับที่ ประเภท เลขเรียก/บาร์โค้ด สถานที่ สถานะ
1. วิทยาศาสตร์การแพทย์ และสุขภาพ
วิทยาศาสตร์การแพทย์ และสุขภาพ
WS200 K63N Vol.1 ฉ.1 
  Barcode: 006326
ห้องสมุดวิทยาเขตสวรรค์ประชารักษ์
►หนังสือทั่วไป
บนชั้น

รายการใกล้เคียง
    หัวเรื่อง [Pediatrics]

BibComment


ยังไม่เคยถูกคอมเมนท์

คอมเมนท์ทรัพยากรรายการนี้
  คอมเมนท์: Nelson Textbook ..


 Copyright 2026. Bcnsprnw @Library